00950nam a2200193 450000500170000002000340001704000350005108200150008610000200010124501060012126000440022730000340027150400190030552003540032454600090067865000250068765000230071270000210073520251005081853.0 a9780471072539cTZS 143,300/= aMCCL.beng.eAACR 2nd.rev.ed. a658.3 BAR. aBaron, James N. aThe strategic human resources:c/ James N. Baron, David M Kreps.bFrameworks for General managers. a New York:bJohn Wiley and sonscc1999. axxi, 602 p. :c25 cm.bill. ; aIncludes index aHuman resources are increasingly recognized as an important - perhaps the most important - strategic weapon in the organization's arsenal. Yet general managers and students of general management have lacked a compelling general framework for thinking about managing human resources strategically. Baron and Kreps provide such a framework."--Jacket.  aeng. aPersonnel management aStrategic planning aDavid, M. Kreps.